Statistiques concernant Toutes les couleurs de drapeaux

Cliquez ici pour prendre le quiz!

Statistiques générales

  • Ce quiz a été pris 232 fois
  • Le résultat moyen est 8 sur 8

Statistiques - réponses

Couleur% Correct
Rouge
100%
Vert
100%
Jaune
99%
Bleu
98%
Blanc
96%
Noir
95%
Orange
95%
Violet
80%

Distribution des résultats

Percentile par nombre de réponses

% des personnes avec chaque résultat

Votre développement - résultats

Vous n’avez pas pris ce quiz